000 00698nam a2200205Ia 4500
003 GCL
005 20240530102729.0
008 140319s9999 xx 000 0 ara d
040 _aGCL /
_cGCL
082 0 4 _a910.02
_bج ج
100 1 _aجودة حسنين جودة
245 1 0 _aجغرافية البحار والمحيطات الطبيعية والحيوية /
_cجودة حسنين جودة
260 _aالاسكندرية :
_bدار المعرفة الجامعية ،
_c1995
300 _a413 ص؛
_b24 سم
650 0 4 _aالجغرافيا الطبيعية
650 0 4 _aالبحار
650 0 4 _aالمحيطات
650 0 4 _aالجغرافيا الحيوية
942 _2ddc
_cBK
999 _c34366
_d34366